00523nam a2200169 a 450000100100000000500170001000800410002702000150006804000250008310000260010824500310013426000370016530000200020204900090022295201050023199900170033600003435620200930073645.0111003s1985 es 000 0 spa d a8475670253 aDO-SdBNPbspacBNPHU1 aGibran, KHALIL94957313aEl loco /cKhalil, Gibran. aMadrid :bEdiciones Alba,c1985. a64 p. ;c21 cm. aBNPD 001050718MOaGRbGRcCTd2011-10-03iLF1l0o p34356-10r2020-06-25w2020-06-25y1ZNo se presta c33847d33847